000 00683nam a2200265Ia 4500
005 20250425162455.0
008 250425s9999 xx 000 0 und d
020 _a9789701049471
041 _aspa
082 _a621.313
100 _aCHAPMAN, STEPHEN J.
245 0 _aMAQUINAS ELECTRICAS
250 _a4A ED.
260 _aMEXICO
260 _aMéxico
_bMCGRAW-HILL
_c2005
300 _a746
500 _aTítulo Traducido: ELECTRIC MACHINERY FUNDAMENTALS
650 _aGENERADORES ELECTRICOS
650 _aMAQUINARIA ELECTRICA
650 _aMOTORES DE INDUCCION
650 _aMOTORES ELECTRICOS
650 _aTRANSFORMADORES
942 _c01
010 _a76544
999 _c229990
_d229990